| 000 | 00537 a2200181 4500 | ||
|---|---|---|---|
| 003 | NUST | ||
| 038 | _aa | ||
| 082 | _aBEE-5 | ||
| 100 |
_aAhmed Tariq _948312 |
||
| 245 |
_aNodal based wireless sensor network _cAhmed Tariq |
||
| 260 |
_aIslamabad _bNUST-SEECS _c2012 |
||
| 300 |
_a59p. _b;ill. _c;27cm.+ _eCD ROM |
||
| 500 | _aSupervisors: Muhammad Jameel Nawaz Malik, Saad Shoaib | ||
| 563 | _aa | ||
| 700 |
_aUsman Hussain Malik _993406 |
||
| 856 | _uhttp://10.250.8.41:8080/xmlui/handle/123456789/21655 | ||
| 942 |
_cTHE _kBEE-5 AHM _2ddc |
||
| 999 |
_c11321 _d11321 |
||